| 000 | 01751nam a2200445Ii 4500 | ||
|---|---|---|---|
| 001 | DIGTRO0174 | ||
| 003 | NyNyDIG | ||
| 006 | m o d | ||
| 007 | cr ||||||||||| | ||
| 008 | 220707s2021 sp a ob 000 0 spa d | ||
| 035 | _a(OCoLC)1281986985 | ||
| 040 |
_aDGITA _beng _erda _epn _cDGITA |
||
| 020 |
_a9788413640501 _qePub |
||
| 020 | _z9788413640211 | ||
| 050 | 1 | 4 | _aTD169 ebook |
| 100 | 1 |
_aCosta Morata, Pedro, _eauthor. |
|
| 245 | 1 | 0 |
_aManual crítico de cultura ambiental / _cPedro Costa Morata ; prólogo de Francisco Jarauta. |
| 264 | 1 |
_a[Madrid] : _bEditorial Trotta, _c[2021] |
|
| 300 |
_a1 online resource : _billustrations. |
||
| 336 |
_atext _btxt _2rdacontent |
||
| 337 |
_acomputer _bc _2rdamedia |
||
| 338 |
_aonline resource _bcr _2rdacarrier |
||
| 347 |
_atext file _2rdaft |
||
| 347 | _bEPUB | ||
| 490 | 1 | _aColección Estructuras y procesos. Serie Medio ambiente | |
| 504 | _aIncludes bibliographical references. | ||
| 588 | 0 | _aOnline resource; title from ePub title page (Digitalia, viewed July 7, 2022) | |
| 650 | 0 | _aEnvironmental education. | |
| 650 | 0 | _aEnvironmental protection. | |
| 650 | 0 | _aConservation of natural resources. | |
| 655 | 0 | _aElectronic books. | |
| 700 | 1 |
_aJarauta Marión, Francisco, _econtributor agent of text. |
|
| 791 | 2 |
_aDigitalia (Firm), _edistributor. |
|
| 793 | 0 |
_gDigitalia eBook Collection: _aTrotta Editorial |
|
| 776 | 0 | 8 |
_iPrint version: _aCosta Morata, Pedro. _tManual crítico de cultura ambiental. _d[Madrid] : Editorial Trotta, [2021] _z9788413640211 |
| 830 | 0 |
_aColección Estructuras y procesos. _pSerie Medio ambiente. |
|
| 856 | 4 | 0 |
_3Digitalia Hispánica _uhttps://www.digitaliapublishing.com/a/109861/ |
| 910 | _aPremium collection: 2022 | ||
| 942 | _cRAA | ||
| 999 |
_c272240 _d272240 |
||